| 000 | 02780ncm0a2200397 4500 | ||
|---|---|---|---|
| 001 | RU\NLR\ONIZ\297265 | ||
| 005 | 20250625142909.0 | ||
| 010 | _a978-5-907252-88-2 | ||
| 035 | _a(NLR Aleph) 022158222 | ||
| 090 |
_a12913486 _c12913486 |
||
| 100 | _a20230121d2021 |||y0rusy50 ca | ||
| 101 | 0 | _arus | |
| 102 | _aRU | ||
| 145 | 0 | _ab | |
| 200 | 1 |
_aГусли звончатые _bНоты _eтехнический зачет в музыкальном училище _eучебно-методическое пособие _e[гаммы и этюды для старших классов музыкальных лицеев и училищ] _fредактор-составитель: И. Н. Ершова _gрецензенты: Н. Н. Шкребко, А. С. Гирина |
|
| 203 |
_aМузыка _bзнаковая _bвизуальная _cнепосредственная |
||
| 210 |
_aСанкт-Петербург _cСвет _d2021 |
||
| 215 |
_a66, [2] с. _cил. _d30 см |
||
| 313 | _aСистематизация документа проведена по изданию - Методика классифицирования музыкальных произведений (нотных изданий) по таблицам Библиотечно-библиографических классификаций : метод. рекомендации / Гос. б-ка СССР им. В.И. Ленина.- М., 1977. Индексу ББК методических рекомендаций присваивается код ББК для научных библиотек - LBC/SL | ||
| 606 | 1 |
_aМузыкальные произведения для гуслей _jНоты _jУчебные издания _2nlr_sh |
|
| 606 | 1 |
_aГаммы и этюды для гуслей _jНоты _jУчебные издания _2nlr_sh |
|
| 608 |
_aГаммы и этюды для гуслей _jНоты _jУчебные издания _2nlr_sh |
||
| 686 | 0 | _aЩ956.991(2Р=Р)гусли | |
| 702 | 1 |
_aЕршова _bИ. Н. _f2-я пол. 20 в.- _gИрина Николаевна _4340 _4220 _7ca |
|
| 702 | 1 |
_9z05790 _aШкребко _bН. Н. _f2-я пол. 20 в.- _gНаталья Николаевна _4675 _7ca |
|
| 702 | 1 |
_9z06790 _aГирина _bА. С. _f2-я пол. 20 в.- _gАнастасия Сергеевна _4675 _7ca |
|
| 712 | 0 | 2 |
_aСанкт-Петербургское музыкальное училище им. М. П. Мусоргского _4570 _7ba |
| 790 | 1 |
_9z05702 _aŠkrebko _bN. _gNatal`ja _4675 _7ba |
|
| 790 | 1 |
_9z06702 _aGirina _bA. S. _f2-я пол. 20 в.- _gAnastasija Sergeevna _4675 _7ba |
|
| 801 | 0 |
_aRU _bNLR _c20230121 _gPSBO |
|
| 801 | 1 |
_aRU _bNLR _c20230121 _2rusmarc |
|
| 801 | 2 |
_aRU _bNLR _c20240228 |
|
| 942 | _cSCORE | ||
| 980 | _aNB | ||
| 980 | _aONIZ | ||